Toplu iş ilişkileri ve hukuk (Record no. 7056)

MARC details
000 -BAŞLIK
Sabit Uzunlukta Kontrol Alanı 01106na a2200313 4500
001 - KONTROL NUMARASI
Denetim Alanı 16224
003 - KONTROL NUMARASI IDENTIFIER
Denetim Alanı MIRAKIL
005 - SON İŞLEM TARİHİ VE ZAMANI
Denetim Alanı 20181213155126.0
008 - SABİT-BOY VERİ ELEMANLARI - GENEL BİLGİLER
Sabit Uzunlukta Kontrol Alanı 161004b tu 000 0
035 ## - SİSTEM KONTROL NUMARASI
Sistem Kontrol Numarası 16224
040 ## - KATALOGLAMA KAYNAK
Orijinal Kataloglama Ajansı Milas
Kataloglama Dili tur
Metne Dönüştürmek Ajansı TR-AnCHP
041 ## - DİL KODU
Metin / Ses Parça Veya Ayrı Başlığın Dil Kodu tur
082 ## - DEWEY ONLU SINIFLANDIRMA NUMARASI
Sınıflandırma Numarası 344.01
Ürün Numarası B27t 2012
090 ## - SINIFLAMA NUMARASI
Sınıflama Numarası 344.01 B27t 2012
100 ## - ANA GİRİŞ - KİŞİSEL İSİM
Kişisel Ad Başbuğ, Aydın
245 ## - BAŞLIK TABLOSU
Başlık Toplu iş ilişkileri ve hukuk
Başlığın Kalan Sendikalar hukuku, toplu iş sözleşmesi hukuku, disiplin hukuku
Sorumluluk Tablosu, Vb Aydın Başbuğ; editör Önsel Ünal
246 ## - UNVAN FORM VARYING
Başlık Doğru / Kısa Başlığı Sendikalar hukuku, toplu iş sözleşmesi hukuku, disiplin hukuku
260 ## - YAYIN, DAĞITIM, VB
Yayın, Dağıtım, Vb Yeri Ankara
Yayıncı, Dağıtıcı, Vs Adı Türkiye Şeker Sanayi İşçileri Sendikası
Yayın, Dağıtım, Vb Tarihi 2012
300 ## - FİZİKSEL TANIM
Kapsam xiii, 297 s.
Boyutlar 24 sm.
504 ## - KAYNAKÇA VB NOT
Kaynakça Vb Notu Kaynakça (ss. 292-297) var
650 ## - KONU KATMA GİRİŞ - TOPİKAL DÖNEM
Topikal Süreli Veya Coğrafi Ad Giriş Elemanı Disiplin hukuku
650 ## - KONU KATMA GİRİŞ - TOPİKAL DÖNEM
Topikal Süreli Veya Coğrafi Ad Giriş Elemanı Toplu iş sözleşmesi hukuku
650 ## - KONU KATMA GİRİŞ - TOPİKAL DÖNEM
Topikal Süreli Veya Coğrafi Ad Giriş Elemanı Sendikalar hukuku
650 ## - KONU KATMA GİRİŞ - TOPİKAL DÖNEM
Topikal Süreli Veya Coğrafi Ad Giriş Elemanı İş sözleşmesi
Genel Alt Bölümü Hukuk ve mevzuat
Coğrafi Alt Bölümü Türkiye
650 ## - KONU KATMA GİRİŞ - TOPİKAL DÖNEM
Topikal Süreli Veya Coğrafi Ad Giriş Elemanı Toplu iş sözlemeleri
Genel Alt Bölümü Hukuk ve mevzuat
Coğrafi Alt Bölümü Türkiye
650 ## - KONU KATMA GİRİŞ - TOPİKAL DÖNEM
Topikal Süreli Veya Coğrafi Ad Giriş Elemanı İş hukuku
Genel Alt Bölümü Hukuk ve mevzuat
Coğrafi Alt Bölümü Türkiye
942 ## - EKLENDİ GİRİŞ ELEMANLARI (KOHA)
Sınıflandırma Veya Raf Düzeni Kaynak Dewey Decimal Classification
Koha Öğesi Türü Books
999 ## - SİSTEM KONTROL NUMARALARI (KOHA)
Koha Biblionumber 7056
Koha Biblioitemnumber 7056
657 ## - INDEX SÜRE - İŞLEVİ
-- İş ilişkileri hukuku
Holdings
Kalıcı Konum Mevcut Konum Edinme Tarihi Edinim Kaynak Toplam Check-Out'Lar Tam Çağrı Numarası Barkod Tarih Son Görülme İtibaren Geçerli Fiyatlar Koha Öğesi Türü
CHP Kütüphanesi CHP Kütüphanesi 09/30/2016 Bağış   344.01 B27t 2012 004708 09/30/2016 09/30/2016 Books